| 000 | 00493nam a22001577a 4500 | ||
|---|---|---|---|
| 005 | 20251108164053.0 | ||
| 008 | 250721s1996 xx 000 0 ara d | ||
| 082 | 1 | 4 | _a001.94/عاي |
| 100 | 1 | _aالرواجبه، عايده أحمد | |
| 245 | 1 | 0 | _aعجائب الدنيا السبع و عجائب أخرى / |
| 264 | 1 |
_aعمان : _bدار الأسراء للنشر والتوزيع، _c1996. |
|
| 300 | _a120ص. | ||
| 650 | 1 | 7 | _aعجائب و غرائب |
| 942 |
_2ddc _cBK |
||
| 999 |
_c2847 _d2847 |
||